000 00493nam a2200145 a 4500
001 000034375
005 20200930073651.0
008 111004s2010 dr ab 000 0 spa d
040 _aDO-SdBNP
_bspa
_cBNPHU
245 0 0 _aIr más allá hablando de migración :
_bmaterial de apoye para la dinámica "Mujeres buscando la vida".
260 _aSanto Domingo :
_bSJRM
_bJunta de Castilla y León,
_c2010.
300 _a31 p. :
_bil., map. ;
_c22 cm.
504 _aBibliografía : 31 p.
049 _aBNPD
999 _c33866
_d33866